[Event "DSOL 08 Liga Gr-D 1st"]
[Site "Playchess.com INT"]
[Date "2020.08.07"]
[Round "7.1"]
[White "Bacher, Oliver"]
[Black "Jost, Christof"]
[Result "1-0"]
[WhiteElo "1923"]
[BlackElo "1165"]
[PlyCount "49"]
[EventDate "2020.06.22"]
[EventType "team-tourn (rapid)"]
[EventCountry "GER"]
[SourceTitle "EXT 2021"]
[Source "ChessBase"]
[SourceDate "2020.10.23"]
[SourceVersion "1"]
[SourceVersionDate "2020.10.23"]
[SourceQuality "1"]
[WhiteTeam "Eichstetten"]
[BlackTeam "Bickenbach III"]
[WhiteTeamCountry "GER"]
[BlackTeamCountry "GER"]

1. e4 e6 2. d4 d5 3. Nc3 Bb4 4. e5 c5 5. a3 Bxc3+ 6. bxc3 c4 7. a4 a5 8. Ba3 Ne7 9. h4 Nbc6 10. h5 h6 11. g4 0-0 12. g5 hxg5 13. h6 g6 14. Qg4 Kh7 15. Nf3 f5 16. Nxg5+ Kh8 17. Qf4 Qd7 18. Be2 Nd8 19. Kd2 Nf7 20. h7 Nxg5 21. Qxg5 Rf7 22. Rag1 b6 23. Bxe7 Qxe7 24. Qxg6 Rg7 25. Qxg7+ 1-0